000
00254nam a2200097Ia 4500
001
703612
005
20250826162355.0
008
250824s9999 xx 000 0 und d
245
0
_a
AY DENİZLE BULUŞACAK
_c
KARİN KARAKAŞLI
260
_b
GÜNIŞIĞI YAYINLARI
999
_c
703612
_d
703612